00761cam a2200205u 450000100100000000500170001000800410002701000130006804000240008105000180010510000520012324000600017524500410023526000500027630000390032660000320036570000510039770000590044883000480050700001063920200929162249.0840920s1945 ag cf 000 0bspa  a47027952 aDO-SdBNPcCarPdDLC00aNB553.R7bF781 aFrisch, Victor,d1876?-1939. [from old catalog]00aAuguste Rodin, a biography. Spanish. [from old catalog]03aLa vida y el arte de Auguste Rodin,. aBuenos Aires, :bEditorial Poseidon,c[1945]. a526 p. :bplates, ports. ;c24 cm.10aRodin, Auguste,d1840-1917.1 aShipley, Joseph Twadell,d1893-ejoint author.1 aJordana, Cesar Augusto,d1893- [from old catalog]etr. 0aColeccion Vidas y obras. [from old catalog]